000
00261nam a22001097a 4500
082
_a
003 DIR'I
100
_a
ROHROR, R. A,DIRECTOR, S. W
_9
78591
245
_a
INTRODUCTION TO SYSTEM THEORY
260
_a
TOKYO
_b
MCGRAW HILL
_c
1972
300
_a
441P
942
_c
BK
999
_c
583699
_d
583699